[Event "Open 2003 des PSV Rostock"]
[Site "Rostock"]
[Date "2003.08.29"]
[Round "4.3"]
[White "Seils, Joerg"]
[Black "Dettmann, Gerd"]
[Result "1-0"]
[WhiteElo "2370"]
[BlackElo "2162"]
[PlyCount "141"]
[EventDate "2003.08.28"]
[EventType "swiss"]
[EventRounds "7"]
[EventCountry "GER"]
[Source "Th. Schwetlick"]
[SourceDate "2003.08.28"]

1. e4 c5 2. Nf3 Nc6 3. Bb5 g6 4. O-O Bg7 5. c3 a6 6. Ba4 b5 7. Bc2 e5 8. a4 b4
9. d3 Nge7 10. Nbd2 O-O 11. Nc4 d6 12. Bb3 Rb8 13. Rb1 h6 14. d4 cxd4 15. cxd4
Bg4 16. dxe5 dxe5 17. Ncd2 Nd4 18. Bc4 Qc8 19. b3 Rd8 20. Qe1 Nc2 21. Qe2 Nd4
22. Qe3 Nec6 23. Bb2 Be6 24. Rbc1 Bxc4 25. Nxc4 Qe6 26. Nxd4 exd4 27. Qd3 h5
28. f4 Re8 29. Rce1 Qd7 30. Re2 Rbd8 31. h3 f5 32. e5 Qe6 33. Rc2 Re7 34. Rd1
Bh6 35. Qf3 d3 36. Rcd2 Red7 37. g3 h4 38. Rxd3 hxg3 39. Rd6 Rxd6 40. exd6 Nb8
41. Qxg3 Re8 42. Ne5 g5 43. fxg5 Bg7 44. Nc4 Bxb2 45. Nxb2 Qe2 46. Qf2 Qh5 47.
Qxf5 Rf8 48. Qe6+ Kh8 49. Qh6+ Qxh6 50. gxh6 Nd7 51. Kg2 Rf6 52. Nc4 Rg6+ 53.
Kf3 Rxh6 54. Kg4 Rg6+ 55. Kf4 Rh6 56. Rd3 Kg7 57. Re3 Kf6 58. Ke4 Rh5 59. Kd4
Nb8 60. Ne5 Rxe5 61. Rxe5 Nc6+ 62. Kc5 Nxe5 63. Kxb4 Ke6 64. Kc5 Nd7+ 65. Kc6
Ne5+ 66. Kb6 Nd7+ 67. Kxa6 Nc5+ 68. Kb6 Nd7+ 69. Kc6 Ne5+ 70. Kc7 Kf7 71. d7
1-0

[Event "Open 2003 des PSV Rostock"]
[Site "Rostock"]
[Date "2003.08.29"]
[Round "4.4"]
[White "Tomczak, Rafal"]
[Black "Schramm, Christian"]
[Result "1-0"]
[WhiteElo "2295"]
[BlackElo "2353"]
[PlyCount "93"]
[EventDate "2003.08.28"]
[EventType "swiss"]
[EventRounds "7"]
[EventCountry "GER"]
[Source "Th. Schwetlick"]
[SourceDate "2003.08.28"]

1. e4 c5 2. Nf3 Nc6 3. d4 cxd4 4. Nxd4 e5 5. Nb5 a6 6. Nd6+ Bxd6 7. Qxd6 Qf6 8.
Qa3 Nge7 9. Nc3 Rb8 10. Be3 b5 11. Nd5 Nxd5 12. exd5 Ne7 13. O-O-O d6 14. h4 h6
15. Kb1 O-O 16. Be2 b4 17. Qb3 a5 18. g4 Ng6 19. g5 hxg5 20. hxg5 Qe7 21. Qd3
e4 22. Qd2 Bf5 23. Rh5 Rfc8 24. Rdh1 Qd7 25. Qd4 Re8 26. Rh7 Re5 27. Bf4 Qe7
28. Bxe5 dxe5 29. Qe3 Rc8 30. Bh5 Kxh7 31. Bg4+ Kg8 32. Bxf5 Rc5 33. Bxe4 Nf4
34. Qg3 g6 35. Qh4 Nh5 36. Bf3 e4 37. Bxh5 gxh5 38. Qxh5 Qe5 39. Qh7+ Kf8 40.
Qh6+ Ke7 41. g6 Qf6 42. g7 Qxh6 43. g8=N+ Kf8 44. Nxh6 Rxd5 45. Kc1 Rg5 46. Rh4
Kg7 47. Ng4 1-0

[Event "Open 2003 des PSV Rostock"]
[Site "Rostock"]
[Date "2003.08.29"]
[Round "4.5"]
[White "Oldach, Ehrenfried"]
[Black "Rudolf, Henrik"]
[Result "1/2-1/2"]
[WhiteElo "2057"]
[BlackElo "2316"]
[PlyCount "104"]
[EventDate "2003.08.28"]
[EventType "swiss"]
[EventRounds "7"]
[EventCountry "GER"]
[Source "Th. Schwetlick"]
[SourceDate "2003.08.28"]

1. e4 d6 2. d4 Nf6 3. Nc3 g6 4. Bc4 Bg7 5. Nf3 O-O 6. O-O Nxe4 7. Nxe4 d5 8.
Bd3 dxe4 9. Bxe4 c5 10. dxc5 Qc7 11. c3 Nd7 12. Be3 Nxc5 13. Bc2 e5 14. Qc1 Bg4
15. Nd2 Rad8 16. f3 Be6 17. Ne4 Nd3 18. Bxd3 Rxd3 19. Nc5 Rd6 20. Nxe6 Rxe6 21.
Qc2 Rd8 22. Rad1 Red6 23. Qb3 Bf8 24. Rxd6 Rxd6 25. Rd1 Rxd1+ 26. Qxd1 Bc5 27.
Qd2 a6 28. a3 Qb6 29. Bxc5 Qxc5+ 30. Kf1 Qc4+ 31. Kf2 Qb3 32. Kg3 h5 33. h4 Qe6
34. Qd3 b5 35. Qe4 Qd6 36. f4 exf4+ 37. Qxf4 Qd3+ 38. Kh2 Qe2 39. Qb4 Qe5+ 40.
Kh3 Qe3+ 41. Kh2 Qe5+ 42. Kh3 Qe6+ 43. Kh2 Qc6 44. Qd4 Kf8 45. Qd8+ Kg7 46.
Qd4+ Qf6 47. Qb4 Qf2 48. b3 Qe2 49. a4 Qe5+ 50. Kh3 Qd5 51. axb5 axb5 52. Kg3
Qe5+ 1/2-1/2

[Event "Open 2003 des PSV Rostock"]
[Site "Rostock"]
[Date "2003.08.29"]
[Round "4.6"]
[White "Kuprat, Thomas"]
[Black "Knuth, Hannes"]
[Result "0-1"]
[WhiteElo "2012"]
[BlackElo "2313"]
[PlyCount "98"]
[EventDate "2003.08.28"]
[EventType "swiss"]
[EventRounds "7"]
[EventCountry "GER"]
[Source "Th. Schwetlick"]
[SourceDate "2003.08.28"]

1. d4 Nf6 2. c4 e6 3. Nf3 c5 4. e3 b6 5. Bd3 Bb7 6. O-O Be7 7. Nc3 O-O 8. e4
cxd4 9. Nxd4 d6 10. f3 Nbd7 11. Re1 Rc8 12. Be3 Qc7 13. Rc1 Qb8 14. b3 Rfd8 15.
Qd2 Bf8 16. Qf2 Ne5 17. Bf1 Qa8 18. Kh1 h6 19. Red1 Ned7 20. Qg3 Kh7 21. Qh4
Be7 22. Qf2 g6 23. Qh4 Ng8 24. Qg3 Ndf6 25. Bd3 Qb8 26. Nde2 e5 27. Nd5 Nxd5
28. cxd5 Rxc1 29. Rxc1 Rc8 30. Qe1 Bg5 31. Bxg5 hxg5 32. Qg3 Rxc1+ 33. Nxc1 Qd8
34. Ne2 Kg7 35. Qe1 Nf6 36. g3 g4 37. fxg4 Nxg4 38. h3 Nf6 39. Kh2 Nd7 40. g4
Nc5 41. Bc2 a5 42. Nc3 Qf6 43. Kg2 Ba6 44. a3 Qf4 45. b4 Nd3 46. Bxd3 Bxd3 47.
bxa5 bxa5 48. a4 g5 49. Kg1 Qf3 0-1

[Event "Open 2003 des PSV Rostock"]
[Site "Rostock"]
[Date "2003.08.29"]
[Round "4.7"]
[White "Porsch, Harald"]
[Black "Miersch, Marco"]
[Result "1/2-1/2"]
[WhiteElo "2248"]
[BlackElo "2106"]
[PlyCount "20"]
[EventDate "2003.08.28"]
[EventType "swiss"]
[EventRounds "7"]
[EventCountry "GER"]
[Source "Th. Schwetlick"]
[SourceDate "2003.08.28"]

1. e4 c5 2. Nc3 Nc6 3. g3 g6 4. Bg2 Bg7 5. f4 d6 6. Nf3 e6 7. O-O Nge7 8. d3
O-O 9. Be3 b6 10. Qd2 Bb7 1/2-1/2

[Event "Open 2003 des PSV Rostock"]
[Site "Rostock"]
[Date "2003.08.29"]
[Round "4.8"]
[White "Ott, Mathias"]
[Black "Prosch, Carsten"]
[Result "0-1"]
[WhiteElo "1899"]
[BlackElo "2236"]
[PlyCount "48"]
[EventDate "2003.08.28"]
[EventType "swiss"]
[EventRounds "7"]
[EventCountry "GER"]
[Source "Th. Schwetlick"]
[SourceDate "2003.08.28"]

1. d4 Nf6 2. c4 g6 3. Nc3 d5 4. cxd5 Nxd5 5. e4 Nxc3 6. bxc3 Bg7 7. Bc4 c5 8.
Ne2 O-O 9. Be3 Nc6 10. O-O Qc7 11. Qc1 Rd8 12. Rd1 Bd7 13. Rb1 Na5 14. Bb5 a6
15. Bxd7 Rxd7 16. d5 Nc4 17. Bf4 Qa5 18. Ra1 Rad8 19. Qc2 e6 20. dxe6 Na3 21.
e7 Nxc2 22. Rxd7 Re8 23. Bc7 Qa4 24. Rad1 Nd4 0-1

[Event "Open 2003 des PSV Rostock"]
[Site "Rostock"]
[Date "2003.08.29"]
[Round "4.9"]
[White "Schoenrock, Ruediger"]
[Black "Schinke, Andreas"]
[Result "1/2-1/2"]
[WhiteElo "2203"]
[BlackElo "2072"]
[PlyCount "30"]
[EventDate "2003.08.28"]
[EventType "swiss"]
[EventRounds "7"]
[EventCountry "GER"]
[Source "Th. Schwetlick"]
[SourceDate "2003.08.28"]

1. d4 Nf6 2. Nf3 g6 3. Bf4 Bg7 4. e3 O-O 5. Be2 c5 6. c3 Qb6 7. Qb3 Qxb3 8.
axb3 cxd4 9. exd4 Nc6 10. O-O d6 11. Nbd2 Be6 12. h3 h6 13. Rfe1 Rfc8 14. Bc4
Bxc4 15. bxc4 g5 1/2-1/2

[Event "Open 2003 des PSV Rostock"]
[Site "Rostock"]
[Date "2003.08.29"]
[Round "4.10"]
[White "Priebe, Jan"]
[Black "Dekker, Theus"]
[Result "1-0"]
[WhiteElo "2181"]
[BlackElo "1852"]
[PlyCount "57"]
[EventDate "2003.08.28"]
[EventType "swiss"]
[EventRounds "7"]
[EventCountry "GER"]
[Source "Th. Schwetlick"]
[SourceDate "2003.08.28"]

1. e4 c6 2. d4 d5 3. Nd2 dxe4 4. Nxe4 Bf5 5. Ng3 Bg6 6. Nf3 Nd7 7. h4 h6 8. h5
Bh7 9. Bd3 Bxd3 10. Qxd3 Ngf6 11. Bd2 e6 12. O-O-O Qc7 13. Ne4 Nxe4 14. Qxe4
Nf6 15. Qe2 O-O-O 16. g3 Bd6 17. Ne5 Bxe5 18. dxe5 Nd5 19. f4 Qb6 20. a3 Qd4
21. Ba5 Qa4 22. Bxd8 Rxd8 23. Qd3 b5 24. Qd4 Qa6 25. Qc5 b4 26. Rd4 Kb7 27.
Rhd1 Rc8 28. R1d3 Rc7 29. Kb1 1-0

[Event "Open 2003 des PSV Rostock"]
[Site "Rostock"]
[Date "2003.08.29"]
[Round "4.11"]
[White "Hornych, Christoph"]
[Black "Giese, Guido"]
[Result "1/2-1/2"]
[WhiteElo "2169"]
[BlackElo "2023"]
[PlyCount "27"]
[EventDate "2003.08.28"]
[EventType "swiss"]
[EventRounds "7"]
[EventCountry "GER"]
[Source "Th. Schwetlick"]
[SourceDate "2003.08.28"]

1. e4 c6 2. d4 d5 3. Nd2 dxe4 4. Nxe4 Bf5 5. Ng3 Bg6 6. Nf3 Nd7 7. h4 h6 8. h5
Bh7 9. Bd3 Bxd3 10. Qxd3 e6 11. Bd2 Qc7 12. Ne4 Ngf6 13. O-O-O O-O-O 14. c4
1/2-1/2

[Event "Open 2003 des PSV Rostock"]
[Site "Rostock"]
[Date "2003.08.29"]
[Round "4.12"]
[White "Schroeder, Christian"]
[Black "Dankesreiter, Arne"]
[Result "1/2-1/2"]
[WhiteElo "2155"]
[BlackElo "1995"]
[PlyCount "70"]
[EventDate "2003.08.28"]
[EventType "swiss"]
[EventRounds "7"]
[EventCountry "GER"]
[Source "Th. Schwetlick"]
[SourceDate "2003.08.28"]

1. d4 d5 2. Nf3 Nf6 3. c4 c6 4. Nc3 e6 5. Bg5 dxc4 6. e3 Be7 7. Bxc4 b5 8. Bd3
Nbd7 9. Rc1 Bb7 10. O-O a6 11. Qe2 O-O 12. Rfd1 Nd5 13. Bxe7 Qxe7 14. Ne4 Rac8
15. Nc5 Nxc5 16. dxc5 e5 17. Bf5 Rcd8 18. Be4 Nf6 19. Bf5 Rxd1+ 20. Qxd1 Rd8
21. Qc2 Bc8 22. Bxc8 Rxc8 23. e4 Rd8 24. h3 Ne8 25. Qc3 f6 26. a4 Qe6 27. Qb4
Qc8 28. Kf1 bxa4 29. Qxa4 Qb7 30. b4 Nc7 31. Ke1 Ne6 32. Ra1 Nf4 33. Kf1 Qb5+
34. Qxb5 axb5 35. Kg1 Rd7 1/2-1/2

[Event "Open 2003 des PSV Rostock"]
[Site "Rostock"]
[Date "2003.08.29"]
[Round "4.13"]
[White "Jaeger, Frank"]
[Black "Wagner Michel, Annett"]
[Result "0-1"]
[WhiteElo "1780"]
[BlackElo "2145"]
[PlyCount "40"]
[EventDate "2003.08.28"]
[EventType "swiss"]
[EventRounds "7"]
[EventCountry "GER"]
[Source "Th. Schwetlick"]
[SourceDate "2003.08.28"]

1. e4 c5 2. Nf3 Nc6 3. d4 cxd4 4. Nxd4 Nf6 5. Nc3 d6 6. Be2 e5 7. Nb3 Be7 8.
Be3 a5 9. Na4 Nxe4 10. Nb6 Rb8 11. Nc4 a4 12. Bb6 Qd7 13. Nba5 d5 14. Ne3 Bb4+
15. c3 Bxa5 16. Bg4 Qd6 17. Bxc8 Bxb6 18. Nf5 Qc5 19. Qf3 Qxf2+ 20. Qxf2 Bxf2+
0-1

[Event "Open 2003 des PSV Rostock"]
[Site "Rostock"]
[Date "2003.08.29"]
[Round "4.14"]
[White "Hamann, Dirk"]
[Black "Ruesch, Hans Joachim"]
[Result "0-1"]
[WhiteElo "1709"]
[BlackElo "2110"]
[PlyCount "56"]
[EventDate "2003.08.28"]
[EventType "swiss"]
[EventRounds "7"]
[EventCountry "GER"]
[Source "Th. Schwetlick"]
[SourceDate "2003.08.28"]

1. e4 g6 2. d4 Bg7 3. Nc3 d6 4. Be3 Nf6 5. f3 c6 6. Qd2 Nbd7 7. O-O-O Qa5 8.
Kb1 b5 9. Bh6 Bxh6 10. Qxh6 Nb6 11. e5 dxe5 12. dxe5 Nfd5 13. Nxd5 Nxd5 14. Ne2
Be6 15. g3 b4 16. b3 Bf5 17. Qc1 O-O 18. g4 Bc8 19. h4 f6 20. h5 g5 21. exf6
exf6 22. h6 Be6 23. Rh5 Bf7 24. Rh1 Rfe8 25. Qb2 Rad8 26. f4 Nxf4 27. Rxd8 Qxd8
28. Nc1 Re1 0-1

[Event "Open 2003 des PSV Rostock"]
[Site "Rostock"]
[Date "2003.08.29"]
[Round "4.15"]
[White "Kutschke, Peter"]
[Black "Laser, Dirk"]
[Result "1-0"]
[WhiteElo "2109"]
[BlackElo "1801"]
[PlyCount "63"]
[EventDate "2003.08.28"]
[EventType "swiss"]
[EventRounds "7"]
[EventCountry "GER"]
[Source "Th. Schwetlick"]
[SourceDate "2003.08.28"]

1. e4 c5 2. c4 Nc6 3. Ne2 d6 4. d4 cxd4 5. Nxd4 Nf6 6. Nc3 g6 7. Be2 Bg7 8. Be3
O-O 9. O-O Bd7 10. Rc1 a6 11. b3 Rc8 12. f3 Qa5 13. Qd2 Rfe8 14. Rfd1 Ne5 15.
Rc2 Red8 16. Nd5 Qxd2 17. Rcxd2 Nxd5 18. exd5 Be8 19. Bg5 Kf8 20. f4 Nd7 21.
Bg4 Rc7 22. Re2 Nf6 23. Bf3 b5 24. Nc6 Bxc6 25. dxc6 bxc4 26. bxc4 Rb8 27. Rc2
Rb4 28. Bh4 Nh5 29. Be1 Rb8 30. Ba5 Rcc8 31. c7 Rb2 32. Rxb2 1-0

[Event "Open 2003 des PSV Rostock"]
[Site "Rostock"]
[Date "2003.08.29"]
[Round "4.16"]
[White "Krueger, Alexander"]
[Black "Roehl, Rainer"]
[Result "0-1"]
[WhiteElo "1640"]
[BlackElo "2180"]
[PlyCount "135"]
[EventDate "2003.08.28"]
[EventType "swiss"]
[EventRounds "7"]
[EventCountry "GER"]
[Source "Th. Schwetlick"]
[SourceDate "2003.08.28"]

1. e4 g6 2. d4 Bg7 3. Nc3 d6 4. Be3 Nf6 5. f3 c6 6. Qd2 b5 7. Bd3 Nbd7 8. g4
Nb6 9. h4 Qc7 10. h5 b4 11. Nce2 c5 12. dxc5 dxc5 13. Rd1 Nfd7 14. hxg6 hxg6
15. Rxh8+ Bxh8 16. c3 a5 17. Bb5 Ba6 18. Bf4 Qc8 19. Bxa6 Rxa6 20. Bg3 Bg7 21.
b3 c4 22. Nd4 cxb3 23. cxb4 Nc4 24. Rc1 b2 25. Qxb2 Rc6 26. Qf2 Bxd4 27. Qxd4
axb4 28. Ne2 e5 29. Qd1 Qa6 30. Qb3 Nc5 31. Qxc4 Nd3+ 32. Qxd3 Qxd3 33. Rxc6
Qxf3 34. Bxe5 Qxe4 35. Rc5 Qb1+ 36. Kf2 Qxa2 37. Ke3 b3 38. Rd5 b2 39. Nc3 Qxd5
40. Nxd5 b1=Q 41. Kf4 Qf1+ 42. Kg5 f5 43. Kxg6 fxg4 44. Nf6+ Ke7 45. Nxg4 Ke6
46. Kg5 Qf5+ 47. Kh4 Qg6 48. Bh2 Qh7+ 49. Kg5 Qf5+ 50. Kh4 Qg6 51. Kh3 Qh5+ 52.
Kg3 Kf5 53. Ne3+ Ke4 54. Bg1 Qf3+ 55. Kh2 Kf4 56. Ng2+ Kg4 57. Ne3+ Kh5 58. Ng2
Qe2 59. Kh3 Qd3+ 60. Kh2 Kg4 61. Bf2 Qe2 62. Kg1 Qd1+ 63. Ne1 Kh3 64. Kf1 Kh2
65. Bh4 Qg4 66. Bf2 Qc4+ 67. Nd3 Qxd3+ 68. Ke1 0-1

[Event "Open 2003 des PSV Rostock"]
[Site "Rostock"]
[Date "2003.08.29"]
[Round "4.17"]
[White "Hammel, Ralf"]
[Black "Schmidt, Wolfgang"]
[Result "1-0"]
[WhiteElo "2120"]
[BlackElo "1776"]
[PlyCount "78"]
[EventDate "2003.08.28"]
[EventType "swiss"]
[EventRounds "7"]
[EventCountry "GER"]
[Source "Th. Schwetlick"]
[SourceDate "2003.08.28"]

1. e4 c5 2. Nf3 e6 3. Nc3 a6 4. g3 Nc6 5. Bg2 d6 6. O-O Nf6 7. d4 cxd4 8. Nxd4
Be7 9. Nxc6 bxc6 10. e5 Nd5 11. exd6 Bxd6 12. Ne4 Be7 13. c4 Nb6 14. Qxd8+ Kxd8
15. Rd1+ Kc7 16. Bf4+ Kb7 17. Nd6+ Bxd6 18. Rxd6 e5 19. Bxe5 Nxc4 20. Rxc6 Nxe5
21. Re6+ Ka7 22. Rxe5 Rb8 23. Re7+ Kb6 24. Rxf7 Rd8 25. Rxg7 Rd2 26. Rxh7 Rxb2
27. h4 Ka5 28. Bd5 R8b5 29. Bb3 Rf5 30. Rf1 Re5 31. Rf7 Bf5 32. Rd1 Be4 33. Rf4
Bc6 34. g4 Rbe2 35. g5 Re1+ 36. Kh2 Kb6 37. Rxe1 Rxe1 38. f3 a5 39. g6 Re2+ 1-0

[Event "Open 2003 des PSV Rostock"]
[Site "Rostock"]
[Date "2003.08.29"]
[Round "4.18"]
[White "Van Bentum, Horst"]
[Black "Herde, Dittmar"]
[Result "1/2-1/2"]
[WhiteElo "2090"]
[BlackElo "1773"]
[PlyCount "64"]
[EventDate "2003.08.28"]
[EventType "swiss"]
[EventRounds "7"]
[EventCountry "GER"]
[Source "Th. Schwetlick"]
[SourceDate "2003.08.28"]

1. e4 c5 2. Nc3 d6 3. f4 Nc6 4. Nf3 g6 5. Bb5 Bd7 6. O-O Bg7 7. d3 e6 8. a4
Nge7 9. Bc4 Nd4 10. Nxd4 Bxd4+ 11. Kh1 O-O 12. Qe1 Bg7 13. Qh4 Nc6 14. Qf2 Nd4
15. Nd1 Nc6 16. Ne3 Bd4 17. c3 Bxe3 18. Bxe3 Qc8 19. Qh4 Qd8 20. Qh6 Qf6 21. f5
exf5 22. Bg5 Qg7 23. Qh4 h5 24. Qf4 Qe5 25. Qh4 Qg7 26. Be7 Nxe7 27. Qxe7 Bc6
28. Qxd6 fxe4 29. dxe4 Rad8 30. Qf4 Rde8 31. Bd5 Re5 32. Bxc6 bxc6 1/2-1/2

[Event "Open 2003 des PSV Rostock"]
[Site "Rostock"]
[Date "2003.08.29"]
[Round "4.19"]
[White "Luetje, Juergen"]
[Black "Loeke, Patrick"]
[Result "1-0"]
[WhiteElo "2042"]
[BlackElo "1655"]
[PlyCount "121"]
[EventDate "2003.08.28"]
[EventType "swiss"]
[EventRounds "7"]
[EventCountry "GER"]
[Source "Th. Schwetlick"]
[SourceDate "2003.08.28"]

1. e4 c5 2. c3 d5 3. exd5 Qxd5 4. d4 cxd4 5. cxd4 Nc6 6. Nf3 Bg4 7. Be2 Nf6 8.
h3 Bh5 9. Nc3 Qa5 10. O-O e6 11. a3 Nd5 12. Bd2 Qb6 13. Nxd5 exd5 14. b4 Bd6
15. Qb3 Rd8 16. Qe3+ Ne7 17. Rac1 O-O 18. Qc3 Rc8 19. Qb2 f6 20. Be3 Nf5 21. g4
Nxe3 22. fxe3 Bg6 23. Nd2 Rfe8 24. Rxc8 Rxc8 25. Rc1 Bc7 26. Rc3 Qd6 27. Nf1
Rf8 28. Bf3 f5 29. Qg2 Bf7 30. gxf5 Bb8 31. Qc2 Be8 32. Rc5 Bf7 33. Rc8 Qd7 34.
Rxf8+ Kxf8 35. Kf2 Qc7 36. Qxc7 Bxc7 37. Ng3 Ke7 38. Ne2 Kd6 39. Nc3 a6 40. Ke2
Bd8 41. Kd3 g6 42. fxg6 hxg6 43. e4 dxe4+ 44. Nxe4+ Kc7 45. Nc5 b6 46. Nxa6+
Kc8 47. b5 Be7 48. Nb4 Bxb4 49. axb4 Kc7 50. h4 Kd6 51. Ke3 Ke6 52. Kf4 Kf6 53.
d5 Be8 54. Be2 Bd7 55. Bd3 Be8 56. Be2 Bd7 57. d6 Be8 58. Bg4 Bxb5 59. d7 Ke7
60. Kg5 Bd3 61. Be6 1-0

[Event "Open 2003 des PSV Rostock"]
[Site "Rostock"]
[Date "2003.08.29"]
[Round "4.20"]
[White "Resnjanskij, Denis"]
[Black "Roehl, Ivonne"]
[Result "1-0"]
[WhiteElo "1953"]
[BlackElo "1588"]
[PlyCount "33"]
[EventDate "2003.08.28"]
[EventType "swiss"]
[EventRounds "7"]
[EventCountry "GER"]
[Source "Th. Schwetlick"]
[SourceDate "2003.08.28"]

1. d4 Nf6 2. c4 g6 3. Nc3 Bg7 4. e4 d6 5. f3 O-O 6. Be3 e5 7. d5 Nbd7 8. Qd2
Nh5 9. g4 Nf4 10. O-O-O a5 11. Nge2 Nxe2+ 12. Bxe2 Nc5 13. h4 h5 14. gxh5 gxh5
15. Rdg1 Kh7 16. Rg5 Rh8 17. Rhg1 1-0

[Event "Open 2003 des PSV Rostock"]
[Site "Rostock"]
[Date "2003.08.29"]
[Round "4.21"]
[White "Illgen, Alexander"]
[Black "Brack, Peter"]
[Result "1/2-1/2"]
[WhiteElo "1774"]
[BlackElo "1916"]
[PlyCount "91"]
[EventDate "2003.08.28"]
[EventType "swiss"]
[EventRounds "7"]
[EventCountry "GER"]
[Source "Th. Schwetlick"]
[SourceDate "2003.08.28"]

1. d4 Nf6 2. c4 e6 3. Nc3 b6 4. e4 d6 5. Bg5 Be7 6. Nf3 Bb7 7. Bd3 Nbd7 8. Qc2
e5 9. dxe5 Nxe5 10. Nxe5 dxe5 11. f3 O-O 12. Be3 c6 13. g4 Nd7 14. O-O-O Bg5
15. Qd2 Bxe3 16. Qxe3 Qe7 17. h4 Nc5 18. Bc2 Ba6 19. b3 Ne6 20. Ne2 b5 21. cxb5
cxb5 22. Kb2 b4 23. Bd3 Bxd3 24. Rxd3 a5 25. Rd5 Qc7 26. Rc1 Qb8 27. Rc6 Nd4
28. Nxd4 exd4 29. Qxd4 Qh2+ 30. Rc2 Qxh4 31. Rh5 Qd8 32. Qe3 f6 33. Rd5 Qb8 34.
Rd7 Rf7 35. Qd3 Qe5+ 36. Kb1 Qe8 37. Rcc7 Rxd7 38. Rxd7 h6 39. Qd5+ Kh7 40. Qb7
Qf8 41. Rxg7+ Qxg7 42. Qxa8 Qc7 43. Qa6 Qc3 44. Qe2 Kg7 45. f4 Qd4 46. Qf3
1/2-1/2

[Event "Open 2003 des PSV Rostock"]
[Site "Rostock"]
[Date "2003.08.29"]
[Round "4.22"]
[White "Feige, Rene"]
[Black "Raitza, Egon"]
[Result "1/2-1/2"]
[WhiteElo "1796"]
[BlackElo "1684"]
[PlyCount "87"]
[EventDate "2003.08.28"]
[EventType "swiss"]
[EventRounds "7"]
[EventCountry "GER"]
[Source "Th. Schwetlick"]
[SourceDate "2003.08.28"]

1. Nf3 d5 2. c4 e6 3. d4 c6 4. e3 Nf6 5. Nc3 Nbd7 6. Qc2 Bd6 7. Bd3 O-O 8. O-O
Re8 9. Bd2 dxc4 10. Bxc4 e5 11. h3 h6 12. Rab1 e4 13. Ne1 Nb6 14. Be2 Bf5 15.
f4 h5 16. Qd1 h4 17. Nc2 Nfd5 18. Be1 Be7 19. Bg4 Bh7 20. f5 Bf6 21. Qe2 Qe7
22. b4 Nxc3 23. Bxc3 Nd5 24. Bd2 Rad8 25. Qc4 Qd6 26. Qe2 Ne7 27. Be1 Qd5 28.
Qf2 Qxa2 29. Ra1 Qb3 30. Ra3 Qd5 31. Rxa7 Ra8 32. Rxa8 Rxa8 33. Qf4 Rf8 34. g3
hxg3 35. Bxg3 b5 36. h4 Rd8 37. Bh3 Nc8 38. h5 Nd6 39. Qg4 Nc4 40. Bf4 Nd2 41.
Rf2 Nf3+ 42. Kh1 Kh8 43. Bc7 Re8 44. Rf1 1/2-1/2

[Event "Open 2003 des PSV Rostock"]
[Site "Rostock"]
[Date "2003.08.29"]
[Round "4.23"]
[White "Suliga, Eckhard"]
[Black "Sonnenberger, Kirsten"]
[Result "0-1"]
[WhiteElo "1661"]
[BlackElo "2052"]
[PlyCount "48"]
[EventDate "2003.08.28"]
[EventType "swiss"]
[EventRounds "7"]
[EventCountry "GER"]
[Source "Th. Schwetlick"]
[SourceDate "2003.08.28"]

1. e4 e5 2. Nf3 Nf6 3. Nxe5 d6 4. Nf3 Nxe4 5. d4 d5 6. Bd3 Be7 7. O-O O-O 8. c4
Nf6 9. Nc3 dxc4 10. Bxc4 Bg4 11. Qd3 Nc6 12. Ne5 Nxd4 13. Nxg4 Nxg4 14. Qe4 Qd7
15. h3 Nf6 16. Qxb7 Rfb8 17. Qa6 Bb4 18. Na4 Ne4 19. Bd3 Re8 20. Be3 Nf3+ 21.
Kh1 Re6 22. Qb7 Rae8 23. Bb5 Qd6 24. Bxe8 Qh2# 0-1

[Event "Open 2003 des PSV Rostock"]
[Site "Rostock"]
[Date "2003.08.29"]
[Round "4.24"]
[White "Hinkelmann, Dieter"]
[Black "Oelke, Bernd"]
[Result "1/2-1/2"]
[WhiteElo "1552"]
[BlackElo "1826"]
[PlyCount "116"]
[EventDate "2003.08.28"]
[EventType "swiss"]
[EventRounds "7"]
[EventCountry "GER"]
[Source "Th. Schwetlick"]
[SourceDate "2003.08.28"]

1. e4 c6 2. d4 d5 3. Nc3 dxe4 4. Nxe4 Bf5 5. Ng3 Bg6 6. Nf3 Nd7 7. h4 h6 8. h5
Bh7 9. Bd3 Bxd3 10. Qxd3 Ngf6 11. Bd2 e6 12. Qe2 Qc7 13. O-O-O O-O-O 14. Ne5
Nxe5 15. dxe5 Nd7 16. Bc3 Be7 17. f4 Nb6 18. Ba5 Rd5 19. Rxd5 cxd5 20. Qb5 Qc6
21. Qxc6+ bxc6 22. Ne2 Bc5 23. b3 Kd7 24. Rh3 Rb8 25. b4 Be7 26. Bxb6 axb6 27.
a3 Ra8 28. Kb2 Rc8 29. Rg3 Bf8 30. c3 c5 31. Kb3 Kc6 32. c4 d4 33. b5+ Kc7 34.
Nc1 Rd8 35. Nd3 Rd7 36. a4 Kd8 37. Rf3 Ke8 38. g4 Be7 39. f5 Bg5 40. fxe6 fxe6
41. Rf1 Ra7 42. Rf3 Bd2 43. Rf2 Be3 44. Rf3 Rc7 45. Kc2 Bg5 46. Rf2 Rd7 47. Kb3
Bd8 48. Rf3 Bg5 49. Rf2 Bh4 50. Rf3 Bg5 51. Rf2 Be3 52. Rf3 Bd2 53. Rf2 Ba5 54.
Rf3 Rf7 55. Rf4 Bd2 56. Rxf7 Kxf7 57. Kc2 Ba5 58. Kd1 Bc3 1/2-1/2

[Event "Open 2003 des PSV Rostock"]
[Site "Rostock"]
[Date "2003.08.29"]
[Round "4.25"]
[White "Gebert, Ralf"]
[Black "Ernst, Mathias"]
[Result "0-1"]
[WhiteElo "1815"]
[BlackElo "1612"]
[PlyCount "76"]
[EventDate "2003.08.28"]
[EventType "swiss"]
[EventRounds "7"]
[EventCountry "GER"]
[Source "Th. Schwetlick"]
[SourceDate "2003.08.28"]

1. e4 e5 2. Nf3 Nc6 3. Bc4 Nf6 4. d3 Be7 5. O-O O-O 6. c3 d5 7. exd5 Nxd5 8.
Re1 a6 9. Nxe5 Nxe5 10. Rxe5 c6 11. Bxd5 cxd5 12. Qf3 Bd6 13. Re1 Qh4 14. h3
Be6 15. Be3 g5 16. Qf6 Rfe8 17. Qxg5+ Qxg5 18. Bxg5 Bf5 19. Nd2 Bxd3 20. Nf3
Re6 21. Rad1 Be4 22. Nd2 Bc2 23. Rxe6 fxe6 24. Re1 e5 25. Nf3 e4 26. Nd4 Bd3
27. Nf5 Bc5 28. Be7 Bb6 29. Ba3 Kf7 30. Nd6+ Kg6 31. Nxb7 Rc8 32. Nd6 Rf8 33.
Nxe4 Re8 34. Kh2 dxe4 35. Kg1 Re6 36. Rd1 Rf6 37. Rd2 e3 38. Rxd3 e2 0-1

[Event "Open 2003 des PSV Rostock"]
[Site "Rostock"]
[Date "2003.08.29"]
[Round "4.26"]
[White "Heinisch, Uwe"]
[Black "Kasper, Mike"]
[Result "1/2-1/2"]
[WhiteElo "1622"]
[BlackElo "1794"]
[PlyCount "44"]
[EventDate "2003.08.28"]
[EventType "swiss"]
[EventRounds "7"]
[EventCountry "GER"]
[Source "Th. Schwetlick"]
[SourceDate "2003.08.28"]

1. d4 e6 2. Nf3 d5 3. e3 c5 4. c3 Nc6 5. Bd3 Nf6 6. Nbd2 Bd6 7. O-O O-O 8. Qe2
Bd7 9. dxc5 Bxc5 10. e4 dxe4 11. Nxe4 Be7 12. Nxf6+ Bxf6 13. Qe4 g6 14. Bh6 Bg7
15. Bxg7 Kxg7 16. Rad1 Qc7 17. Rfe1 Rad8 18. Bc2 f6 19. Nd4 Nxd4 20. Qxd4 Bc6
21. Qe3 e5 22. Be4 Bxe4 1/2-1/2

[Event "Open 2003 des PSV Rostock"]
[Site "Rostock"]
[Date "2003.08.29"]
[Round "4.27"]
[White "Kripfganz, Sebastian"]
[Black "Ehlers, Michael"]
[Result "1/2-1/2"]
[WhiteElo "1764"]
[BlackElo "1340"]
[PlyCount "45"]
[EventDate "2003.08.28"]
[EventType "swiss"]
[EventRounds "7"]
[EventCountry "GER"]
[Source "Th. Schwetlick"]
[SourceDate "2003.08.28"]

1. c4 e5 2. Nc3 Nf6 3. Nf3 Nc6 4. g3 Bc5 5. Bg2 O-O 6. O-O d6 7. a3 Be6 8. b3
Qd7 9. Ng5 Bf5 10. Nce4 Nxe4 11. Nxe4 Bd4 12. Rb1 Ne7 13. d3 Bg4 14. Qc2 c6 15.
e3 Bb6 16. Nc3 Bh3 17. b4 Bxg2 18. Kxg2 Nf5 19. a4 Nh4+ 20. Kg1 Nf3+ 21. Kg2
Nh4+ 22. Kg1 Nf3+ 23. Kg2 1/2-1/2